Tribhuvan University Central Library

Narrative gravity : (Record no. 49257)

MARC details
000 -LEADER
fixed length control field 01133 a2200301 4500
001 - CONTROL NUMBER
control field 12917939
005 - DATE AND TIME OF LATEST TRANSACTION
control field 20120907090115.0
008 - FIXED-LENGTH DATA ELEMENTS--GENERAL INFORMATION
fixed length control field 020508s2002 ii b 001 0 eng
010 ## - LIBRARY OF CONGRESS CONTROL NUMBER
LC control number 2002290558
020 ## - INTERNATIONAL STANDARD BOOK NUMBER
International Standard Book Number 019 565700 4
037 ## - SOURCE OF ACQUISITION
Source of stock number/acquisition Library of Congress -- New Delhi Overseas Office
Terms of availability Rs695.00
040 ## - CATALOGING SOURCE
Original cataloging agency DLC
Transcribing agency DLC
Modifying agency DLC
082 00 - DEWEY DECIMAL CLASSIFICATION NUMBER
Classification number 401.41 / N144n
Edition number 21
100 0# - MAIN ENTRY--PERSONAL NAME
Personal name Nair, Rukmini Bhaya.
9 (RLIN) 5839
245 10 - TITLE STATEMENT
Title Narrative gravity :
Remainder of title conversation, cognition, culture /
Statement of responsibility, etc Rukmini Bhaya Nair.
260 ## - PUBLICATION, DISTRIBUTION, ETC. (IMPRINT)
Place of publication, distribution, etc New Delhi ;
-- New York :
Name of publisher, distributor, etc Oxford University Press,
Date of publication, distribution, etc 2002.
300 ## - PHYSICAL DESCRIPTION
Extent xi, 425 p. ;
Dimensions 23 cm.
504 ## - BIBLIOGRAPHY, ETC. NOTE
Bibliography, etc Includes bibliographical references (p. 399-417) and index
518 ## - DATE/TIME AND PLACE OF AN EVENT NOTE
Date/time and place of an event note 2010-12-19
650 #0 - SUBJECT ADDED ENTRY--TOPICAL TERM
Topical term or geographic name as entry element Discourse analysis, Narrative.
9 (RLIN) 5840
650 #0 - SUBJECT ADDED ENTRY--TOPICAL TERM
Topical term or geographic name as entry element Language
General subdivision Philosophy
9 (RLIN) 5848
650 #0 - SUBJECT ADDED ENTRY--TOPICAL TERM
Topical term or geographic name as entry element Discourse analysis
General subdivision Psychological aspects.
9 (RLIN) 5841
653 ## - INDEX TERM--UNCONTROLLED
Uncontrolled term Language.
856 42 - ELECTRONIC LOCATION AND ACCESS
Materials specified Publisher description
Uniform Resource Identifier <a href="http://www.loc.gov/catdir/enhancements/fy0638/2002290558-d.html">http://www.loc.gov/catdir/enhancements/fy0638/2002290558-d.html</a>
906 ## - LOCAL DATA ELEMENT F, LDF (RLIN)
a 7
b cbc
c origode
d 3
e ncip
f 20
g y-gencatlg
942 ## - ADDED ENTRY ELEMENTS (KOHA)
Source of classification or shelving scheme Dewey Decimal Classification
Koha item type General Collections
Holdings
Withdrawn status Lost status Source of classification or shelving scheme Damaged status Not for loan Home library Current library Shelving location Date acquired Total Checkouts Total Renewals Full call number Barcode Date last seen Date checked out Price effective from Koha item type
    Dewey Decimal Classification     Tribhuvan University Central Library Tribhuvan University Central Library New Building 12/20/2010 2 7 401.41 / N144n 137721 04/03/2019 09/26/2018 12/20/2010 General Collections